top 100 goalscorers for FC Barcelona - Statistics

General Stats
  • This quiz has been taken 861 times
    17 since last reset
  • The average score is 30 of 100
Answer Stats
goals Country player % Correct
672 Argentina Lionel Messi
100%
195 Uruguay Luis Suárez
100%
80 Spain Luis Suárez
100%
57 Spain Andrés Iniesta
93%
48 Spain David Villa
93%
85 Spain Xavi
93%
117 Bulgaria Hristo Stoichkov
79%
27 Spain Jordi Alba
79%
105 Brazil Neymar
79%
99 Spain Pedro
79%
120 Poland Robert Lewandowski
79%
94 Brazil Ronaldinho
79%
130 Cameroon Samuel Eto'o
79%
35 Croatia Ivan Rakitic
71%
60 Netherlands Johan Cruyff
71%
122 Netherlands Patrick Kluivert
71%
130 Brazil Rivaldo
71%
47 Brazil Ronaldo
71%
49 France Thierry Henry
71%
65 Spain Ferran Torres
64%
53 Spain Gerard Piqué
64%
49 Spain Lamine Yamal
64%
75 Brazil Raphinha
64%
46 Chile Alexis Sánchez
57%
45 Portugal Luís Figo
57%
28 Spain Pedri
57%
88 Netherlands Ronald Koeman
57%
35 France Antoine Griezmann
50%
38 Argentina Diego Maradona
50%
54 Denmark Michael Laudrup
50%
226 Spain César Rodríguez
43%
40 France Ousmane Dembélé
43%
39 Brazil Romário
43%
42 Spain Cesc Fàbregas
36%
105 Paraguay / Spain Eulogio Martínez
36%
129 Spain Mariano Martín
36%
25 Brazil Philippe Coutinho
36%
29 Spain Ansu Fati
29%
32 Spain Fermin López
29%
51 England Gary Lineker
29%
45 Austria Hans Krankl
29%
72 Argentina Javier Saviola
29%
193 Spain / Hungary László Kubala
29%
26 France Ludovic Giuly
29%
34 Spain Paulino Alcántara
29%
46 Spain Robert Fernández
29%
122 Spain Carles Rexach
21%
66 Paraguay Cayetano Ré
21%
108 Spain Luis Enrique
21%
37 Netherlands Phillip Cocu
21%
42 Denmark Allan Simonsen
14%
89 Germany Bernd Schuster
14%
35 Brazil Giovanni
14%
44 Netherlands Johan Neeskens
14%
94 Spain José Mari Bakero
14%
85 Spain Julio Salinas
14%
28 Spain Óscar García
14%
82 Hungary Sándor Kocsis
14%
31 Hungary Zoltán Czibor
14%
41 Spain Bojan Krkic
7%
42 Spain José Ramón Alexanko
7%
65 Spain Lobo Carrasco
7%
39 Spain Marcos Alonso
7%
27 Spain Migueli
7%
74 Spain Quini
7%
32 Scotland Steve Archibald
7%
81 Spain Txiki Begiristain
7%
81 Spain Ángel Arocha
0%
25 Spain Carlos Bestit
0%
65 Spain Chus Pereda
0%
64 Spain Eduardo Manchón
0%
110 Spain Estanislao Basora
0%
30 Spain Esteban Vigo
0%
105 Brazil Evaristo de Macedo
0%
68 Spain Guillermo Amor
0%
25 Spain Jaime Sospedra
0%
37 Spain Joaquim Rifé
0%
58 Spain José Bravo
0%
120 Spain Josep Escolà
0%
70 Spain Josep Fusté
0%
86 Spain Josep Samitier
0%
42 Spain Josep Seguer
0%
30 Spain José Sastre
0%
32 Spain José Valle
0%
106 Spain José Zaldúa
0%
29 Spain Juan Carlos Heredia
0%
101 Spain Juan Manuel Asensi
0%
39 Spain Juan Ramon
0%
92 Spain Justo Tejada
0%
53 Spain Manolo Clares
0%
62 Spain Marcial Pina
0%
28 Spain Mariano Gonzalvo
0%
39 Spain Martín Vantolrà
0%
26 Spain Martí Vergés
0%
42 Spain Moreno
0%
40 Spain Peru Zaballa
0%
74 Uruguay Ramón Villaverde
0%
37 Spain Severiano Goiburu
0%
26 Spain Vicenç Piera
0%
25 Spain Víctor Muñoz
0%
No matching quizzes found
Score Distribution
Percent of People with Each Score
Percentile by Number Answered
Your Score History
You have not taken this quiz since the last reset